| 000 | 00000nam##2200000za#4500 |
| 001 | 9.642291 |
| 003 | CaOODSP |
| 005 | 20210624223629 |
| 007 | cr ||||||||||| |
| 008 | 150407|2000||||xxc|||||o f|0| 0 fre|d |
| 040 | |aCaOODSP|bfre |
| 043 | |an-cn--- |
| 086 | 1 |aR72-288/2000F-PDF |
| 110 | 1 |aCanada.|bAffaires indiennes et du Nord. |
| 245 | 10|aPrise de risques responsable axée sur l`innovation et les résultats |h[ressource électronique] |
| 260 | |aOttawa - Ontario : |bAffaires indiennes et du Nord |c2000. |
| 300 | |a18p.|bglossaire, références, tableaux |
| 500 | |aLe n° de catalogue (R72-288/2000) et l'ISBN (0-662-64756-4) de l'édition imprimée bilingue ont été incorrectement copiés dans l'édition électronique. |
| 590 | |a13-18-Supp|b2013-08-01 |
| 691 | 07|aFonction publique|2gcpds |
| 691 | 07|aGestion des risques|2gcpds |
| 691 | 07|aPrise de décision|2gcpds |
| 775 | 08|tResponsible risk-taking for innovation and results |w(CaOODSP)9.698279 |
| 856 | 40|ahttp://publications.gc.ca|qPDF|s831 Ko|uhttps://publications.gc.ca/collections/collection_2013/aadnc-aandc/R72-288-2000-fra.pdf |
| 986 | |aQS-3617-000-BB-A1 |